000 00618nam a2200205 a 4500
008 951212s1980||||CS 0 slo c
020 _c14 Kčs.
_q(12000 výtl.)
040 _aSNK
_bslo
_cSNK
_eAACR2
044 _axo
_cSK
080 _a885.4-3
100 1 _aLenčo, Ján
245 1 0 _aKleopatrin milenec
_cJán Lenčo ; Štefan Schmidt
250 _a1., vyd.
260 _aKošice
_bVýchodoslovenské vydavateľstvo
_c1980
_eKošice
_fVýchodoslovenské tlačiarne
300 _a127 s., 6,45 AH
_c20 cm
500 _aRozlož. ilustr. tit. list.
700 1 _aSchmidt, Štefan
_4gup
041 _aslo
958 _aA
999 _c12137
_d12137